000 00599cam a2200193 i 4500
001 19713634
005 20180705102026.0
008 170526s2017 ii b b 000 0deng d
020 _a9780670088911 (hardback)
040 _cPK-LaUMT
082 0 4 _a954.03
_223
_bZAH-D
100 0 _aẒahir Dihlavi
245 1 0 _aDastan-e-Ghadar =
_bthe tale of the mutiny /
_cZahir Dehlvi ; translated from the Urdu by Rana Safvi
260 _aHaryana :
_bPenguin Books,
_c2017
300 _axx, 327 p. :
_bmaps (black and white) ;
_c21 cm.
490 0 _aPenguin classics
700 1 _aSafvi, Rana,
942 _cBK
999 _c105513
_d105513